Caminos del Perú: historia y actualidad de las comunicaciones viales

Furkejuvvon:
Bibliográfalaš dieđut
Váldodahkki: Gerbi, Antonello (Dahkki)
Materiálatiipa: Girji
Giella:espánnjágiella
Almmustuhtton: Lima Banco de Crédito del Perú 1915
Fáttát:
Fáddágilkorat: Lasit fáddágilkoriid
Eai fáddágilkorat, Lasit vuosttaš fáddágilkora!

MARC

LEADER 00000nam a2200000 a 4500
001 UCZ9007
003 CL-VaPUC
008 960126e19150000PE |||||||||||||||||spa|d
082 0 4 |a 985  |b GER  |2 21 
100 |a Gerbi, Antonello  |e author  |9 354269 
245 1 0 |a Caminos del Perú: historia y actualidad de las comunicaciones viales 
300 |a 107 p 
942 |c BK 
945 |d 19960126 00:00:00  |a mcarcey 
260 |a Lima  |b Banco de Crédito del Perú  |c 1915 
650 0 |a Historia  |9 255047 
650 0 |a Carreteras  |9 260132 
651 0 |a Perú  |9 256567 
583 |a last modification  |c 19960126 00:00:00  |k Rodrigo Vera 
999 |c 244655  |d 244653 
952 |0 0  |1 0  |4 0  |6 985_000000000000000_GER_1915  |7 0  |8 X  |9 258803  |a BIBHIS  |b BIBHIS  |d 2019-11-19  |i 3157881  |o 985 GER 1915  |p 3157881  |r 2024-01-30  |w 2019-11-19  |y BK_X  |k HIS